000 01291nam a2200325 i 4500
001 000006392
003 DO-SdBNP
005 20250626124301.0
007 ta
008 090828s1985 it ac r 001 0 spa d
040 _aDO-SdBNP
_bspa
_cBNPHU
_erda
041 _aspa
082 4 _a341.02635
_bG633s
_222
100 1 _aGómez Bergés, Víctor,
_d1940-2023
_eautor
_4aut.
_917774
245 1 0 _aSolo la verdad :
_bhistoria de las elecciones para Secretario General de la Organización de los Estados Americanos en 1975 /
_cVíctor Gómez Bergés.
264 1 _aCiudad del Vaticano :
_bTipografía Políglota Vaticana,
_c1985.
300 _a309 páginas :
_bilustraciones, retratos ;
_c22 cm.
336 _atexto
_btxt
_2rdacontent
337 _asin mediación
_bn
_2 rdamedia
338 _avolumen
_bnc
_2rdacarrier
500 _aIncluye datos biográficos del autor en las solapas.
504 _aIncluye referencias bibliográficas y notas al pie de las páginas.
590 _aInventariado, 2018/BT
600 1 0 _aGómez Bergés, Víctor,
_d1940-2023
_917774
610 2 4 _aOrganización de los Estados Americanos
_xElecciones
_917775
650 0 _aElecciones
_96411
650 4 _aRepresentación proporcional
_917776
910 _aValidado. Control de calidad. EMS
942 _2ddc
_cLBS1
999 _c6187
_d6187